| 000 | 01402nam a2200277 4500 | ||
|---|---|---|---|
| 001 | 179199 | ||
| 003 | ES-MaACL | ||
| 005 | 20231205193251.0 | ||
| 008 | 110929r20111951sp c |||| |bspa d | ||
| 080 | _a821.134.2-82"18" | ||
| 100 | 1 |
_aMenéndez Pelayo, Enrique. _980331 |
|
| 245 | 1 | 0 |
_aEnrique Menéndez Pelayo _b: reproducción facsimilar de la obra / _cselección y estudio de Gerardo Diego ; con el encarte de un texto de Elena Diego. |
| 260 |
_aSantander : _bBiblioteca de Menéndez Pelayo : _bFundación Gerardo Diego, _c2011. |
||
| 300 |
_aCXII, 200 p. ; _c16 cm + _e1 cuadernillo. |
||
| 490 | 1 |
_aPublicaciones de la Biblioteca de Menéndez Pelayo. Facsímiles ; _v1 |
|
| 505 | 8 |
_aContiene: ; _tEnrique Menéndez Pelayo y Gerardo Diego / _rElena Diego ([14] p.: il. retr.; 16 cm) |
|
| 534 |
_pReprod. de la ed. de: _cSantander : [s.n.], 1951 (Santander : Imp. y Enc. de la Librería Moderna) ( _fAntología de escritores y artistas montañeses ; 10) |
||
| 600 | 1 | 4 |
_aMenéndez Pelayo, Enrique. _980331 |
| 655 | 7 |
_2tgfbne _9226495 _aFacsímiles |
|
| 700 | 1 |
_aDiego, Gerardo, _d1896-1987 _944545 |
|
| 700 | 1 |
_aDiego, Elena. _944538 |
|
| 830 | 0 |
_aPublicaciones de la Biblioteca de Menéndez Pelayo. Facsímiles ; _v1 _9224424 |
|
| 852 |
_aES-MaACL _9186075 _jA-11569 _bR.147014 _dOlim: N-4573 _cDEPO1 _xDonación: Editorial |
||
| 942 |
_2udc _cMONOGRAFIA |
||
| 999 |
_c179199 _d179199 |
||